| 000 | 00654nam a2200217Ii 4500 | ||
|---|---|---|---|
| 003 | JO-AjNU | ||
| 008 | 230606s9999||||xx |||||||||||||| ||und|| | ||
| 020 | _a978-1-259-06047-2 | ||
| 040 |
_aJO-AjNU _beng _erda _cJO-AjNU |
||
| 041 | _aeng | ||
| 050 | 1 | 4 | _aTD145.D2623 2014 |
| 100 | 3 |
_aSusan , Masten, _eauthor _94479 |
|
| 245 | 0 | 0 | _aPrinciples of Environmental Engineering and Science |
| 250 | _a3 ed | ||
| 264 | 3 | 1 | _aNew York :Mcgraw hill ,2014 |
| 300 | _a848p | ||
| 336 |
_atext _btxt _2rdacontent |
||
| 337 |
_aunmediated _bn _2rdamedia |
||
| 338 |
_avolume _bnc _2rdacarrier |
||
| 650 | 4 |
_aPrinciples of Environmental Engineering - Science _94480 |
|
| 999 |
_aE2325 _c2323 _d2323 |
||